000 00766nam a2200217Ia 4500
003 GCL
008 140319s9999 xx 000 0 ara d
040 _aGCL /
_cGCL
082 0 4 _a371.911
_bع ت
100 1 _aعبدالرحمن بن سالم خلف العتيبى
245 1 0 _aتعليم المكفوفين فى العالم العربى نشاة الخط البارز (برايل) /
_cعبدالرحمن بن سالم خلف العتيبى
260 _a[S.N] :
_bمطبعة دار الشبل للنشر والتوزيع ،
_c1993
300 _a149 ص
490 _a
650 0 4 _aالتعليم
650 0 4 _aالتعليم المهنى
650 0 4 _aالمكفوفون
650 0 4 _aالخط البارز
650 0 4 _aبرايل
942 _2ddc
_cBK
999 _c35777
_d35777